Why our trap teachers and school burnout?

Vznik a definícia syndrómu vyhorenia (burnout), ktoré môže mať niekoľko dôvodov. Najčastejšie tri príčiny vyhorenia - individuálne, negatívne pracovné prostredie a inštitucionálne príčiny. Spôsoby prevencie a odporúčania eliminujúce syndróm burnout.

Salvato in:
Dettagli Bibliografici
Natura: Capitolo di libro
Lingua:slovacco
Soggetti:
Tags: Aggiungi Tag
Nessun Tag, puoi essere il primo ad aggiungerne!!

MARC

LEADER 00000naa a2200000 4500
001 0179191
005 20231010125842.4
041 0 |a slo 
044 |a SK 
245 1 0 |a Why our trap teachers and school burnout? 
520 |a Vznik a definícia syndrómu vyhorenia (burnout), ktoré môže mať niekoľko dôvodov. Najčastejšie tri príčiny vyhorenia - individuálne, negatívne pracovné prostredie a inštitucionálne príčiny. Spôsoby prevencie a odporúčania eliminujúce syndróm burnout. 
610 2 0 |a prostredie pracovné 
610 2 0 |a školy 
610 2 0 |a organizácia práce 
610 2 0 |a náročnosť profesionálna 
610 2 0 |a choroby z povolania 
610 2 0 |a stresy 
610 2 0 |a prevencia 
610 2 0 |a učitelia 
610 2 0 |a riaditelia